Sam Fender "Talk To You" Lyrics - Statistics

General Stats
  • This quiz has been taken 38 times
  • The average score is 252 of 329
Answer Stats
Lyrics % Correct
A
100%
I
100%
You
100%
An
95%
For
95%
My
95%
Of
95%
Talk
95%
To
95%
When
95%
All
90%
I'll
90%
In
90%
Miss
90%
Still
90%
The
90%
Who
90%
Age
86%
Almost
86%
Face
86%
Friend
86%
From
86%
It
86%
Just
86%
Me
86%
Myself
86%
Some
86%
Wanna
86%
With
86%
Your
86%
And
81%
Back
81%
Best
81%
Changed
81%
Did
81%
Go
81%
Have
81%
Let
81%
Love
81%
That
81%
Up
81%
Boxes
76%
Can
76%
Cruelty
76%
Dream
76%
Everything
76%
Forgave
76%
He
76%
I'm
76%
Instead
76%
On
76%
Yours
76%
But
71%
Down
71%
Going
71%
Hurt
71%
Like
71%
Procrastinating
71%
Somebody
71%
Them
71%
Through
71%
Till
71%
Understands
71%
Woke
71%
Years
71%
Attic
67%
Is
67%
Job
67%
Never
67%
As
62%
By
62%
Came
62%
Dickheads
62%
Don't
62%
Getting
62%
Great
62%
Had
62%
Moths
62%
One
62%
Seven
62%
Shoulder
62%
Always
57%
Cheated
57%
Give
57%
Hand
57%
Hope
57%
Hounded
57%
It's
57%
Lights
57%
Low
57%
Root
57%
Spark
57%
Strength
57%
Take
57%
Truly
57%
Uncle
57%
Was
57%
Will
57%
Wrapped
57%
Youth's
57%
Are
52%
Dark
52%
Deserve
52%
Evading
52%
Excuse
52%
Flickering
52%
Hell
52%
Learning
52%
Loved
52%
Man
52%
Mess
52%
Nose
52%
Oh
52%
Over
52%
Prized
52%
Son
52%
Stop
52%
Told
52%
Want
52%
Come
48%
Geared
48%
Home
48%
House
48%
Kind
48%
Long
48%
Possessions
48%
Someone's
48%
There's
48%
Bones
43%
Cancer
43%
Failures
43%
Grovelled
43%
Him
43%
Old
43%
Sucked
43%
They're
43%
Upbringing
43%
Ate
38%
Carry
38%
'em
38%
Link
38%
Only
38%
Picked
38%
Shrinks
38%
Outta
33%
Repair
33%
We'd
33%
Darling
29%
Learnt
29%
Sombre
29%
Somehow
29%
Self-Flagellated
24%
No matching quizzes found
Score Distribution
Percent of People with Each Score
Percentile by Number Answered
Your Score History
You have not taken this quiz